000 00535cam a2200169 4500500
005 20260405000653.0
041 _afre
042 _adc
100 1 0 _aDuru, Martin
_eauthor
245 0 0 _aLe souci des plaisirs : Construction d’une érotique solaire
260 _c2008.
500 _a88
690 _aCorps
690 _aOnfray
786 0 _nPhilosophie magazine | 25 | 12 | 2008-12-01 | p. 35-35 | 1951-1787
856 4 1 _uhttps://shs.cairn.info/magazine-philosophie-magazine-2008-12-page-35?lang=fr&redirect-ssocas=7080
999 _c2039570
_d2039570